000 00348nam a22001337a 4500
005 20150527102904.0
008 150527b xxu||||| |||| 00| 0 eng d
040 _cPK-LaUMT
082 _aKHC 954.035
_bPAK-
245 _aThe Pakistan issue
_cNazir Yar Jung(Editor)
260 _aLahore
_bIslamic book service
_c1984
300 _a159 p.
942 _cBK
999 _c72278
_d72278